000 02020nam a2200421 c 4500
999 _c150967
_d150967
003 BLK
005 20220221124850.0
008 180410b bul|||||r ||||||| ||bul||
010 _aKNG00157322000
040 _aBLK
041 _aBUL
_cBUL
072 7 _2bullib
_aК
_xКраезнание
080 _aКомунистически партии. Вж и 327.323
_b329.15
_x(497.2)БКП(092)
_z329.15(497.2)БКП(092)
080 _aБългарска литература
_b821.163.2
_x-32
_z821.163.2-32
080 _aДимитър Благоев Николов (Дядото). Български политик и философ, основател на организираното социалистическо движение в България и на първата социалдемократическа партия на Балкански полуостров
_b929 Благоев, Димитър
_z929 Благоев, Димитър
100 1 _aМантов, Димитър Стефанов
_eпърви автор
_9379725
139 _aМантов, Димитър Стефанов
_bБ 47
245 1 0 _aГранитната пътека
_bПовест за младия Димитър Благоев
_cДимитър Стефанов Мантов.
257 _aBGR
260 _bПартиздат
_c1980
300 _a184 с.
_c16 см
380 _a3
490 1 _aПоредица Художествено-документални биографии
500 _a15 110 тир.
600 1 4 _aБлагоев, Димитър
_9294209
650 4 _aБКП - дейци
_9242529
651 4 _aБългария
_9241624
651 4 _aРусе
_9179462
653 _aБКП
653 _aкомунисти
653 _aДимитър Благоев
659 _aК
852 _aЦб І 17906
852 _a К 329(092)/Б 47
856 4 _qpdf
856 4 _qpdf
942 _cKNG
_n0
_s1
944 _aCR
_c28.02.2014
_l28.02.2014 - от С1,Р / 28.02.2014
_kВаля_Йорданова
944 _aED
_c04.03.2014
_l28.02.2014 - от С1,Р / 28.02.2014
999 _d150967